[Event "Chigorin Memorial 21st"]
[Site "St Petersburg"]
[Date "2013.10.13"]
[Round "9"]
[White "Popov, Alexei"]
[Black "Soliva Ruiz, Ramon"]
[Result "1-0"]
[WhiteElo "1858"]
[BlackElo "1589"]
[PlyCount "127"]
[EventDate "2013.10.05"]
[EventType "swiss"]
[EventRounds "9"]
[EventCountry "RUS"]
[SourceTitle "CBM 156 Extra"]
[Source "ChessBase"]
[SourceDate "2013.10.22"]
[SourceVersion "1"]
[SourceVersionDate "2013.10.22"]
[SourceQuality "1"]

1. e4 b6 2. Nc3 Bb7 3. d4 e6 4. Nf3 g6 5. Bd3 Bg7 6. 0-0 Ne7 7. Be3 d6 8. Qd2 h6 9. Ne1 Nbc6 10. Ne2 Qd7 11. c3 f5 12. Qc2 g5 13. f4 g4 14. Ng3 Rf8 15. Qe2 0-0-0 16. Nc2 Qe8 17. Bd2 h5 18. exf5 exf5 19. Qe6+ Kb8 20. Nxf5 Rxf5 21. Bxf5 Bc8 22. Bg6 Bxe6 23. Bxe8 Rxe8 24. Rfe1 Bd7 25. Ne3 Bh6 26. d5 Nd8 27. g3 Rf8 28. Nxg4 hxg4 29. Rxe7 Bf5 30. Rae1 Bg6 31. c4 Kc8 32. b4 Rf5 33. a4 a6 34. Bc3 Bf8 35. R7e2 Kd7 36. Bg7 Kc8 37. Bxf8 Rxf8 38. Re7 Rg8 39. Kf2 Bf7 40. Rc1 Rh8 41. Kg1 Kb7 42. c5 bxc5 43. bxc5 Bxd5 44. cxd6 Nc6 45. Rb1+ Ka8 46. Rxc7 Rd8 47. d7 Na7 48. Rb6 a5 49. Ra6 Bb7 50. Rb6 Bf3 51. Rb5 Nxb5 52. Rc8+ Kb7 53. Rxd8 Kc7 54. Rb8 Kxd7 55. Rxb5 Kc6 56. Rxa5 Kb6 57. Rg5 Kc6 58. a5 Kd6 59. a6 Ke6 60. a7 Kf6 61. Kf2 Kf7 62. Ke3 Kf8 63. Kd4 Kf7 64. Ke5 1-0

[Event "Chigorin Memorial 20th"]
[Site "St Petersburg"]
[Date "2012.11.01"]
[Round "6"]
[White "Popov, Alexei"]
[Black "Ivanov, Sergei V"]
[Result "0-1"]
[WhiteElo "1823"]
[BlackElo "2060"]
[PlyCount "86"]
[EventDate "2012.10.27"]
[EventType "swiss"]
[EventRounds "9"]
[EventCountry "RUS"]
[SourceTitle "EXT 2013"]
[Source "ChessBase"]
[SourceDate "2012.11.22"]
[SourceVersion "1"]
[SourceVersionDate "2012.11.22"]
[SourceQuality "1"]

1. e4 g6 2. d4 Bg7 3. f4 d6 4. Nc3 Nf6 5. Nf3 c6 6. Be3 b5 7. a3 0-0 8. Be2 Nbd7 9. d5 cxd5 10. Bxb5 Ng4 11. Bd4 e5 12. fxe5 dxe5 13. Bxd7 exd4 14. Bxc8 Rxc8 15. Nxd5 Re8 16. Nd2 Qxd5 17. Qxg4 f5 18. 0-0 fxe4 19. Rac1 Bh6 20. Qd1 Be3+ 21. Kh1 Qg5 22. Nb3 Bxc1 23. Nxc1 Rcd8 24. Ne2 d3 25. cxd3 exd3 26. Nf4 Qb5 27. a4 Qc4 28. b3 Qc5 29. Qd2 Rf8 30. b4 Qc4 31. Rf3 Qc2 32. Qe1 Rfe8 33. Qf1 d2 34. Nh5 Re1 35. Nf6+ Kh8 36. h4 Rxf1+ 37. Rxf1 d1Q 38. Rxd1 Rxd1+ 39. Kh2 Rd2 40. Kh3 Rxg2 41. Ng4 Qe2 42. Ne5 Rg1 43. Nxg6+ hxg6 0-1

[Event "Chigorin Memorial 20th"]
[Site "St Petersburg"]
[Date "2012.10.31"]
[Round "5"]
[White "Westerberg, Claes Goran"]
[Black "Popov, Alexei"]
[Result "1-0"]
[WhiteElo "2007"]
[BlackElo "1823"]
[PlyCount "157"]
[EventDate "2012.10.27"]
[EventType "swiss"]
[EventRounds "9"]
[EventCountry "RUS"]
[SourceTitle "EXT 2013"]
[Source "ChessBase"]
[SourceDate "2012.11.22"]
[SourceVersion "1"]
[SourceVersionDate "2012.11.22"]
[SourceQuality "1"]

1. e4 e5 2. Nf3 Nc6 3. d4 exd4 4. Nxd4 Nf6 5. Nxc6 bxc6 6. e5 Qe7 7. Qe2 Nd5 8. c4 Ba6 9. b3 g6 10. g3 Bg7 11. Bb2 0-0 12. Bg2 Rae8 13. 0-0 Bxe5 14. Qxe5 Qxe5 15. Bxe5 Rxe5 16. cxd5 Bxf1 17. Kxf1 cxd5 18. Nc3 c6 19. Rd1 Rfe8 20. Bf3 Kf8 21. Ne2 a5 22. Rd4 f5 23. Ra4 g5 24. h3 Ra8 25. Nc1 Ree8 26. Nd3 Ke7 27. Ke2 Kd6+ 28. Kd2 c5 29. Bg2 Rg8 30. Bf3 Rgb8 31. Bg2 h5 32. Bf3 g4 33. Bg2 h4 34. gxh4 Rh8 35. h5 gxh3 36. Bxh3 Rxh5 37. Bg2 Rh2 38. Bf3 Rc8 39. Rxa5 d4 40. Ra6+ Ke7 41. Bd5 Rch8 42. a4 R8h6 43. Ra8 Rh8 44. Ra7 Kd6 45. Bc4 Rc8 46. Ra6+ Rc6 47. Ra8 Rh1 48. Rf8 Rh5 49. Rf7 Rc8 50. Nf4 Rh2 51. Nd3 Rh5 52. Rf6+ Ke7 53. Rb6 Rh1 54. Nf4 Rc6 55. Rb7 Ra1 56. Ke2 Rd6 57. Bd3 Kf6 58. Bc4 Kg5 59. Nd3 Kg4 60. Ne5+ Kf4 61. Nd3+ Kg4 62. Nxc5 Ra2+ 63. Kd3 Rxf2 64. Rxd7 Rf3+ 65. Kc2 Rc3+ 66. Kd2 Rxd7 67. Nxd7 f4 68. Ne5+ Kh3 69. Nd3 f3 70. a5 Kg2 71. a6 f2 72. Nxf2 Re3 73. a7 Kxf2 74. a8Q Kg1 75. Qa1+ Kh2 76. Qxd4 Rf3 77. Ke2 Rg3 78. Qh4+ Kg2 79. Bd5+ 1-0

[Event "St Petersburg Botvinnik Memorial op"]
[Site "St Petersburg"]
[Date "2012.09.01"]
[Round "8"]
[White "Popov, Alexei"]
[Black "Panov, Konstantin"]
[Result "1-0"]
[WhiteElo "1797"]
[BlackElo "1604"]
[PlyCount "61"]
[EventDate "2012.08.25"]
[EventType "swiss"]
[EventRounds "9"]
[EventCountry "RUS"]
[SourceTitle "CBM 150 Extra"]
[Source "ChessBase"]
[SourceDate "2012.10.19"]
[SourceVersion "1"]
[SourceVersionDate "2012.10.19"]
[SourceQuality "1"]

1. e4 e6 2. d4 d5 3. e5 c5 4. c3 Qb6 5. Nf3 Nc6 6. Be2 cxd4 7. cxd4 Bb4+ 8. Bd2 Nxd4 9. Nxd4 Qxd4 10. Qa4+ Bd7 11. Qxb4 Qxe5 12. Bc3 Qg5 13. 0-0 Bc6 14. Bb5 Ne7 15. Bxc6+ bxc6 16. Nd2 0-0 17. Nf3 Qg6 18. Qxe7 Rfe8 19. Qh4 f6 20. Rfe1 e5 21. Bb4 Qf7 22. Rac1 Qb7 23. Ba3 Rac8 24. Qg3 Qb5 25. Rc5 Qb6 26. Nh4 g6 27. Nxg6 hxg6 28. Qxg6+ Kh8 29. Re3 Rc7 30. Rh3+ Rh7 31. Rxh7# 1-0

[Event "St Petersburg Botvinnik Memorial op"]
[Site "St Petersburg"]
[Date "2012.08.31"]
[Round "7"]
[White "Bogachkova, Alena"]
[Black "Popov, Alexei"]
[Result "1-0"]
[WhiteElo "2086"]
[BlackElo "1797"]
[PlyCount "115"]
[EventDate "2012.08.25"]
[EventType "swiss"]
[EventRounds "9"]
[EventCountry "RUS"]
[SourceTitle "CBM 150 Extra"]
[Source "ChessBase"]
[SourceDate "2012.10.19"]
[SourceVersion "1"]
[SourceVersionDate "2012.10.19"]
[SourceQuality "1"]

1. e4 e5 2. Nf3 Nc6 3. Bb5 a6 4. Ba4 Nf6 5. 0-0 b5 6. Bb3 Bc5 7. Nxe5 Nxe5 8. d4 Bxd4 9. Qxd4 Nc6 10. Qd3 Qe7 11. Nc3 Bb7 12. Bg5 Ne5 13. Qe2 h6 14. Bh4 g5 15. Bg3 h5 16. h4 Nfg4 17. hxg5 Ng6 18. Bxc7 d6 19. Bb6 Qxg5 20. Qf3 N6e5 21. Qh3 Bc8 22. f4 Qg7 23. fxe5 Nxe5 24. Qh4 Bg4 25. Nd5 Ng6 26. Qf6 Qxf6 27. Rxf6 0-0 28. Nc7 Kg7 29. Bd4 Ne5 30. Rxd6 Rae8 31. Nxe8+ Rxe8 32. Bxe5+ Rxe5 33. Rf1 Be6 34. Bxe6 fxe6 35. Re1 a5 36. Kf2 Rc5 37. c3 Kf6 38. Ke3 Rg5 39. Re2 Rc5 40. Kd4 Rc4+ 41. Kd3 Rc5 42. e5+ Ke7 43. Ra6 Rd5+ 44. Ke4 a4 45. Ra7+ Ke8 46. g4 Rc5 47. gxh5 Rc4+ 48. Kd3 Rh4 49. Rg2 Rh3+ 50. Kd2 Kf8 51. Rgg7 Rh2+ 52. Kd3 Rh3+ 53. Kd4 Rh4+ 54. Kc5 Rxh5 55. Kd6 Rh2 56. Rh7 Rc2 57. Kxe6 Kg8 58. Rhd7 1-0

[Event "St Petersburg White Nights op"]
[Site "St Petersburg"]
[Date "2012.06.09"]
[Round "8"]
[White "Popov, Alexei"]
[Black "Rozmetov, Aybek"]
[Result "0-1"]
[WhiteElo "1791"]
[BlackElo "2036"]
[PlyCount "156"]
[EventDate "2012.06.02"]
[EventType "swiss"]
[EventRounds "9"]
[EventCountry "RUS"]
[SourceTitle "CBM 148 Extra"]
[Source "ChessBase"]
[SourceDate "2012.06.22"]
[SourceVersion "1"]
[SourceVersionDate "2012.06.22"]
[SourceQuality "1"]

1. e4 d6 2. d4 Nf6 3. Nc3 Nbd7 4. f4 e5 5. Nf3 exd4 6. Qxd4 Be7 7. Bd3 0-0 8. Bd2 Nc5 9. 0-0-0 c6 10. h3 b5 11. g4 Ne6 12. Qf2 b4 13. Ne2 Qa5 14. a3 c5 15. f5 Nc7 16. g5 Nd7 17. Rdg1 g6 18. Qh4 Rd8 19. Nf4 Ne5 20. Nxe5 dxe5 21. fxg6 hxg6 22. Nxg6 fxg6 23. Qh6 Kf7 24. Bc4+ Be6 25. Rf1+ Ke8 26. Qxg6+ Kd7 27. Rd1 Qb6 28. Bxe6+ Qxe6 29. Bxb4+ Kc6 30. Qxe6+ Nxe6 31. Bc3 Bxg5+ 32. Kb1 Bf4 33. Rdg1 Rg8 34. Re1 Rg2 35. h4 Nd4 36. Bxd4 cxd4 37. Reg1 Rag8 38. Rxg2 Rxg2 39. h5 Rg7 40. Ka2 Kd6 41. b4 Ke6 42. Kb3 Rc7 43. Rg1 Rc3+ 44. Kb2 Rg3 45. Rh1 Kf7 46. h6 Kg8 47. b5 Kh7 48. Rh5 Rg6 49. Rf5 Kxh6 50. a4 Rg2 51. Kb3 Kg6 52. a5 Rg3+ 53. Kb2 Rc3 54. Rf8 Rc5 55. Rb8 Kg5 56. b6 axb6 57. axb6 Rb5+ 58. Ka3 Kg4 59. Ka4 Rb1 60. Ka5 Kf3 61. Rc8 Kxe4 62. c4 dxc3 63. Ka6 Be3 64. b7 Bd4 65. b8Q Rxb8 66. Rxb8 c2 67. Rc8 Kd3 68. Kb5 Bc3 69. Rd8+ Ke2 70. Rh8 c1Q 71. Rh2+ Kd3 72. Ka6 e4 73. Kb5 Be5 74. Rh3+ e3 75. Ka6 Qc6+ 76. Ka7 Bd4+ 77. Kb8 Qd6+ 78. Kc8 Qe6+ 0-1

[Event "St Petersburg Blockade op"]
[Site "St Petersburg"]
[Date "2012.01.08"]
[Round "6"]
[White "Klimshin, Ilia"]
[Black "Popov, Alexei"]
[Result "0-1"]
[WhiteElo "1724"]
[BlackElo "1784"]
[PlyCount "88"]
[EventDate "2012.01.03"]
[EventType "swiss"]
[EventRounds "9"]
[EventCountry "RUS"]
[SourceTitle "EXT 2014"]
[Source "ChessBase"]
[SourceDate "2013.11.20"]
[SourceVersion "1"]
[SourceVersionDate "2013.11.20"]
[SourceQuality "1"]

1. e4 e5 2. Nf3 Nc6 3. d4 exd4 4. Nxd4 Nf6 5. Nc3 Bb4 6. Nxc6 bxc6 7. Bd3 0-0 8. 0-0 h6 9. Bd2 Re8 10. Re1 d6 11. h3 Be6 12. Kh1 Qc8 13. Qf3 Nh7 14. Qg3 Kh8 15. f4 f6 16. Rad1 a5 17. a3 Bc5 18. Be3 Bxe3 19. Rxe3 Re7 20. Ne2 Qe8 21. Nd4 Bd7 22. Rde1 g6 23. e5 dxe5 24. fxe5 f5 25. e6 Bc8 26. Qe5+ Kg8 27. Qg3 Ng5 28. h4 Rh7 29. Bc4 Ba6 30. Bb3 c5 31. e7+ c4 32. Ba2 Ne4 33. Qxc7 Rxe7 34. Qf4 g5 35. hxg5 hxg5 36. Qf3 g4 37. Qf4 Qh5+ 38. Qh2 Ng3+ 39. Kg1 Qxh2+ 40. Kxh2 Rxe3 41. Rxe3 Nf1+ 42. Kg1 Nxe3 43. Kf2 f4 44. Ne6 Nd1+ 0-1

[Event "St Petersburg White Nights op"]
[Site "St Petersburg"]
[Date "2011.06.15"]
[Round "9"]
[White "Khatenever, Feliks"]
[Black "Popov, Alexei"]
[Result "0-1"]
[WhiteElo "1842"]
[BlackElo "1644"]
[PlyCount "158"]
[EventDate "2011.06.07"]
[EventType "swiss"]
[EventRounds "9"]
[EventCountry "RUS"]
[SourceTitle "EXT 2012"]
[Source "ChessBase"]
[SourceDate "2011.11.24"]
[SourceVersion "1"]
[SourceVersionDate "2011.11.24"]
[SourceQuality "1"]

1. d4 Nf6 2. Nf3 e6 3. e3 c5 4. b3 Nc6 5. Bb2 Qb6 6. Be2 Be7 7. 0-0 0-0 8. Nbd2 d5 9. c4 Re8 10. a3 a5 11. Qc2 cxd4 12. exd4 Qc7 13. Ne5 Bd6 14. f4 b6 15. cxd5 Nxd4 16. Qxc7 Nxe2+ 17. Kf2 Bxc7 18. dxe6 Rxe6 19. Kxe2 Ba6+ 20. Ndc4 Nd7 21. Kf2 Nxe5 22. fxe5 Bxc4 23. bxc4 Bxe5 24. Bxe5 Rxe5 25. Rfb1 Rb8 26. Rb2 h6 27. Rc1 Rc5 28. Ke3 Re8+ 29. Kd4 Rd8+ 30. Ke3 Rd6 31. a4 f6 32. Rb5 Rdc6 33. Rxc5 Rxc5 34. Kd4 Kf7 35. Rb1 Rc6 36. Kd5 Re6 37. Rb2 Ke7 38. h4 Rd6+ 39. Ke4 Ke6 40. Rb5 g6 41. Ke3 f5 42. c5 bxc5 43. Rxc5 Rd5 44. Rc6+ Rd6 45. Rc5 Rd5 46. Rc8 Re5+ 47. Kd3 Re4 48. Re8+ Kd5 49. Rd8+ Ke5 50. Re8+ Kf4 51. Rg8 g5 52. Rg6 gxh4 53. Rxh6 Kg5 54. Rh8 Rxa4 55. Ke3 Rg4 56. Kf3 a4 57. Rg8+ Kf6 58. Rf8+ Kg6 59. Rg8+ Kf7 60. Ra8 a3 61. Kf2 Rg3 62. Ra4 Rb3 63. Rxh4 Ke6 64. Ra4 Kd5 65. g3 Kc5 66. Ra7 Kb4 67. Kg2 Kc3 68. Ra5 Kb2 69. Rxf5 a2 70. Rf2+ Ka3 71. Rxa2+ Kxa2 72. Kh3 Ka3 73. Kh4 Kb4 74. g4 Kc5 75. Kh5 Rh3+ 76. Kg6 Kd6 77. g5 Ke6 78. Kg7 Kf5 79. g6 Rg3 0-1

[Event "St Petersburg White Nights op"]
[Site "St Petersburg"]
[Date "2011.06.14"]
[Round "8"]
[White "Popov, Alexei"]
[Black "Ljubarov, Mark"]
[Result "0-1"]
[WhiteElo "1644"]
[BlackElo "2113"]
[PlyCount "79"]
[EventDate "2011.06.07"]
[EventType "swiss"]
[EventRounds "9"]
[EventCountry "RUS"]
[SourceTitle "EXT 2012"]
[Source "ChessBase"]
[SourceDate "2011.11.24"]
[SourceVersion "1"]
[SourceVersionDate "2011.11.24"]
[SourceQuality "1"]

1. e4 e5 2. Nf3 Nc6 3. Bc4 Nf6 4. d3 Be7 5. 0-0 0-0 6. Nc3 d6 7. h3 a6 8. a4 Be6 9. Nd5 h6 10. Be3 Qd7 11. Nh2 Na5 12. Ba2 Bxd5 13. exd5 c5 14. Qd2 b6 15. Bb1 Nxd5 16. Ra3 c4 17. Bxb6 c3 18. bxc3 Nxb6 19. Ng4 f5 20. Ba2+ Kh7 21. Ne3 d5 22. c4 Naxc4 23. dxc4 Bxa3 24. Qd3 Bc5 25. Rd1 e4 26. Qe2 d4 27. Nf1 Nxa4 28. Qe1 Qe7 29. Bb3 Nc3 30. Ra1 f4 31. Qd2 f3 32. g3 e3 33. Qd3+ Qe4 34. Ra5 e2 35. Ra1 Qxd3 36. cxd3 exf1Q+ 37. Kxf1 a5 38. Kg1 a4 39. Bc2 a3 40. Rxa3 0-1

[Event "St Petersburg White Nights op"]
[Site "St Petersburg"]
[Date "2011.06.10"]
[Round "4"]
[White "Popov, Alexei"]
[Black "Schekachikhin, Maksim"]
[Result "1/2-1/2"]
[WhiteElo "1644"]
[BlackElo "1936"]
[PlyCount "75"]
[EventDate "2011.06.07"]
[EventType "swiss"]
[EventRounds "9"]
[EventCountry "RUS"]
[SourceTitle "EXT 2012"]
[Source "ChessBase"]
[SourceDate "2011.11.24"]
[SourceVersion "1"]
[SourceVersionDate "2011.11.24"]
[SourceQuality "1"]

1. e4 e5 2. Nf3 Nf6 3. Nxe5 d6 4. Nxf7 Kxf7 5. d4 Be7 6. Nc3 c5 7. Bc4+ Be6 8. d5 Bd7 9. e5 dxe5 10. d6+ Be6 11. Bxe6+ Kxe6 12. dxe7 Qxd1+ 13. Nxd1 Kxe7 14. 0-0 Nc6 15. Be3 b6 16. c3 Rad8 17. f3 Rd7 18. Nf2 Rhd8 19. Bg5 h6 20. Bxf6+ gxf6 21. Rad1 Rd2 22. Rxd2 Rxd2 23. Rb1 Na5 24. b4 Nb7 25. a4 Rc2 26. Ne4 f5 27. Ng3 Nd6 28. bxc5 bxc5 29. Re1 Kf6 30. Ne2 Ra2 31. Nc1 Rxa4 32. Nd3 Nf7 33. Nxc5 Rc4 34. Nd7+ Ke6 35. Nf8+ Ke7 36. Ng6+ Kf6 37. Nf8 Rxc3 38. Ra1 1/2-1/2